Организация хозяйственного обслуживания колхозов. Лекция 3-я: Снабжение колхозов средствами производства (Запись № 13564068)

Подробности
000 -МАРКЕР
контрольное поле 01347nam2a2200229 4500
001 - ИДЕНТИФИКАТОР ЗАПИСИ
контрольное поле rc\2654355
005 - ИДЕНТИФИКАТОР ВЕРСИИ
контрольное поле 20260315043249.0
035 ## - ДРУГИЕ СИСТЕМНЫЕ НОМЕРА
Идентификатор записи (NLR Aleph) 006961678
100 ## - ДАННЫЕ ОБЩЕЙ ОБРАБОТКИ
Данные общей обработки 20110615d1930 u y0rusy50 ca
101 0# - ЯЗЫК РЕСУРСА
Язык текста, звукозаписи и т.д. русский
102 ## - СТРАНА ПУБЛИКАЦИИ ИЛИ ПРОИЗВОДСТВА
Страна публикации Российская Федерация
105 ## - ПОЛЕ КОДИРОВАННЫХ ДАННЫХ: ТЕКСТОВЫЕ МАТЕРИАЛЫ, МОНОГРАФИЧЕСКИЕ
Кодированные данные о монографическом текстовом документе y z |||||
200 1# - ЗАГЛАВИЕ И СВЕДЕНИЯ ОБ ОТВЕТСТВЕННОСТИ
Основное заглавие Снабжение колхозов средствами производства
Первые сведения об ответственности Под ред. Я. Легенченко
210 ## - ПУБЛИКАЦИЯ, РАСПРОСТРАНЕНИЕ И ДР.
Дата издания, распространения и т.д. 1930
461 #0 - УРОВЕНЬ НАБОРА
Встроенное поле 001rc\2654352
-- 2001#$aОрганизация хозяйственного обслуживания колхозов$eЛекция 1-$fН.Г. Селескериди$gПод ред. С. Фридмана$gВсерос. союз с.-х. коллективов Колхозцентра$vЛекция 3-я
Системный номер (АБИС) связанной записи 5350842
Автор Курсы заочного обучения по колхозному строительству (Москва)
Место публикации Москва
Дата публикации 1930
Первые сведения об ответственности Н.Г. Селескериди
Имя издателя, распространителя и т.д. Заоч. курсы по колхозному строительству Заочколхозкурсы
Сведения, относящиеся к заглавию Лекция 1-
Заглавие Организация хозяйственного обслуживания колхозов
Номер тома Лекция 3-я
702 #1 - ИМЯ ЛИЦА - ВТОРИЧНАЯ ОТВЕТСТВЕННОСТЬ
Начальный элемент ввода Легенченко
Часть имени, кроме начального элемента ввода Я.
Код отношения Редактор
801 #0 - ИСТОЧНИК ЗАПИСИ
Страна Российская Федерация
Организация NLR
Правила каталогизации psbo
801 #1 - ИСТОЧНИК ЗАПИСИ
Страна Российская Федерация
Организация ELAR
Источник данных rusmarc
852 ## - МЕСТОНАХОЖДЕНИЕ И ШИФР ХРАНЕНИЯ
Идентификатор организации NLR
Шифр хранения (Call Number) 32-17/647
942 ## - ДОПОЛНИТЕЛЬНЫЕ ЭЛЕМЕНТЫ ЗАПИСИ (АБИС)
Тип экземпляра АБИС Неопределено
980 ## - КОЛЛЕКЦИЯ
Название коллекции Национальная библиография

Нет доступных экземпляров.